| 000 | 00552nam a2200217 i 4500 | ||
|---|---|---|---|
| 001 | bg | ||
| 245 | 0 |
_aMicrosoft OLAP unleashed / _cTimothy Peterson, James Pinkelman [et al.]. |
|
| 250 | _a2nd ed. | ||
| 260 |
_a[New York] : _bSams, _ccop. 2000. |
||
| 300 |
_a949 s. ; _c25 cm + _eCD-ROM. |
||
| 650 | 9 | _aOLAP | |
| 700 | 1 | _aPETERSON, Timothy | |
| 700 | 1 | _aPINKELMAN, James | |
| 020 | _a0672316714 | ||
| 040 | _cBPK | ||
| 041 | 0 | _aen | |
| 080 | _a004.65 | ||
| 920 | _a0-672-31671-4 | ||
| 942 | _cKS | ||
| 008 | s pl f |000 0 pol | ||
| 999 |
_c36812 _d36812 |
||
| 856 |
_uhttp://koha.tu.koszalin.pl/cgi-bin/koha/opac-detail.pl?biblionumber=36812 _yKatalog online BPK |
||